00824nam a2200205 a 450000100100000000500170001000800410002702000150006804000250008310000310010824501410013926000400028030000270032053400750034770000320042270000330045404900090048795201050049699900170060100003427420200930073620.0110929s2003 es 000 0 spa d a8466203915 aDO-SdBNPbspacBNPHU1 aRive Box, Rob de La95970213aLa enciclopedia de los coches deportivos :b1945-1975 /cRob de la Rive Box ; traducción, José Luis Tamayo e Fabián Romero Tamayo. aAlcobendas, Madrid :bLibsa,c2003. a287p. :bil. ;c24 cm. aTítulo originalkEncyclopaedia of classic cars sports cars 1945-19751 aTamayo, José Luis,9597031 aRemo Tamayo, Fabián959704 aBNPD 001050718MOaGRbGRcCTd2011-09-29iLF1l0o p34274-10r2020-06-25w2020-06-25y1ZNo se presta c33765d33765